00276 a2200109 4500000002500000100001800025110001800043245004600061250001900107260002000126264002000146 nam a22 7a 4500 aFoote, Ellen  aFoote, Ellen  aSign Languages and Linguistic Citizenship aLatest edition bRoutledgec2021 bRoutledgec2021